Fastest to multiples of 1000 runs in All Formats - Statistics

General Stats
  • This quiz has been taken 7 times
  • The average score is 23 of 41
Answer Stats
Format Runs Nation Inns Player % Correct
7000 AUS 126 Steven Smith
83%
8000 AUS 151 Steven Smith
83%
10000 WI 195 Brian Lara
67%
9000 SL 172 Kumar Sangakkara
67%
SL 195 Kumar Sangakkara
67%
11000 SL 208 Kumar Sangakkara
67%
12000 SL 224 Kumar Sangakkara
67%
IND 195 Sachin Tendulkar
67%
13000 IND 266 Sachin Tendulkar
67%
14000 IND 279 Sachin Tendulkar
67%
15000 IND 300 Sachin Tendulkar
67%
14000 IND 350 Sachin Tendulkar
67%
15000 IND 377 Sachin Tendulkar
67%
16000 IND 399 Sachin Tendulkar
67%
17000 IND 424 Sachin Tendulkar
67%
18000 IND 440 Sachin Tendulkar
67%
8000 IND 175 Virat Kohli
67%
9000 IND 194 Virat Kohli
67%
10000 IND 205 Virat Kohli
67%
11000 IND 222 Virat Kohli
67%
12000 IND 242 Virat Kohli
67%
13000 IND 267 Virat Kohli
67%
4000 IND Virat Kohli
67%
5000 PAK 97 Babar Azam
50%
2000 PAK 52 Babar Azam
50%
T20i 1000 ENG 24 Dawid Malan
50%
2000 AUS 22 Donald Bradman
50%
3000 AUS 33 Donald Bradman
50%
4000 AUS 48 Donald Bradman
50%
5000 AUS 56 Donald Bradman
50%
6000 AUS 68 Donald Bradman
50%
3000 SA 57 Hashim Amla
50%
4000 SA 81 Hashim Amla
50%
6000 SA 123 Hashim Amla
50%
7000 SA 150 Hashim Amla
50%
PAK 52 Mohammad Rizwan
50%
3000 PAK 79 Mohammad Rizwan
50%
WI 12 Everton Weekes
17%
ODI 1000 PAK 18 Fakhar Zaman
17%
Test 1000 ENG 12 Herbert Sutcliffe
17%
2000 IND 38 Shubman Gill
17%
No matching quizzes found
Score Distribution
Percent of People with Each Score
Percentile by Number Answered
Your Score History
You have not taken this quiz